000 00772nam a2200241 u 4500
005 20240228064030.0
008 111014s2006 r 000 0 eng d
020 _a8424181077 (10 dígitos)
020 _a9788424181079 (13 dígitos)
035 _aUPN01000182213
049 _aI
050 4 _aPQ6707 A7.3
_bM5.5 2006
100 1 _aGarcía Iglesias, Carmen,
_d1957-
_940178
245 1 0 _aMi mamá es preciosa /
_cCarmen García Iglesias.
250 _a6a ed.
260 _aLeón, Esp. :
_bEverest,
_c2006.
300 _a31 p. :
_bprincipalmente il. col.
440 0 _aMontaña encantada.
_pPrimeros lectores
650 4 _aLiteratura infantil española
_95892
650 4 _aMADRES E HIJAS
_95648
650 4 _aLibros y lectura para niños
_92290
905 _aInfantil
999 _c154316
_d154316